| 000 | 00371cam a2200157ua 4500 | ||
|---|---|---|---|
| 003 | OSt | ||
| 008 | 250502b |||||||| |||| 00| 0 eng d | ||
| 041 | _aeng | ||
| 082 |
_a624.151 _bPUN/IN |
||
| 100 | _aPunmia, B C . | ||
| 245 | _aIntroductorty soil mechanics | ||
| 250 | _a1 / | ||
| 260 |
_aDelhi : _bStandard book house , _c1983. |
||
| 300 | _a423 ; . | ||
| 942 | _cBK | ||
| 999 |
_c1463 _d1463 |
||